Russia's False Claims to Holiness and Spiritual Superiority
Among the many reasons given by President Putin and Patriarch Kirill, the secular and spiritual heads of the Russian Federation, for waging a totally unnecessary yet exceedingly cruel war against Ukraine is that Ukraine is allegedly a front for the corrupt and voracious West which aims to partition...
| Main Author: | |
|---|---|
| Format: | Electronic Article |
| Language: | English |
| Check availability: | HBZ Gateway |
| Interlibrary Loan: | Interlibrary Loan for the Fachinformationsdienste (Specialized Information Services in Germany) |
| Published: |
2023
|
| In: |
Occasional papers on religion in Eastern Europe
Year: 2023, Volume: 43, Issue: 2, Pages: IV-IX |
| Online Access: |
Volltext (lizenzpflichtig) |
MARC
| LEADER | 00000naa a22000002c 4500 | ||
|---|---|---|---|
| 001 | 1886248370 | ||
| 003 | DE-627 | ||
| 005 | 20240418145031.0 | ||
| 007 | cr uuu---uuuuu | ||
| 008 | 240418s2023 xx |||||o 00| ||eng c | ||
| 024 | 7 | |a 10.55221/2693-2148.2412 |2 doi | |
| 035 | |a (DE-627)1886248370 | ||
| 035 | |a (DE-599)KXP1886248370 | ||
| 040 | |a DE-627 |b ger |c DE-627 |e rda | ||
| 041 | |a eng | ||
| 084 | |a 0 |2 ssgn | ||
| 100 | 1 | |e VerfasserIn |0 (DE-588)1034407554 |0 (DE-627)745464823 |0 (DE-576)164536787 |4 aut |a Mojzes, Paul |d 1936- | |
| 109 | |a Mojzes, Paul 1936- |a Mojzes, Paul B. 1936- | ||
| 245 | 1 | 0 | |a Russia's False Claims to Holiness and Spiritual Superiority |
| 264 | 1 | |c 2023 | |
| 336 | |a Text |b txt |2 rdacontent | ||
| 337 | |a Computermedien |b c |2 rdamedia | ||
| 338 | |a Online-Ressource |b cr |2 rdacarrier | ||
| 520 | |a Among the many reasons given by President Putin and Patriarch Kirill, the secular and spiritual heads of the Russian Federation, for waging a totally unnecessary yet exceedingly cruel war against Ukraine is that Ukraine is allegedly a front for the corrupt and voracious West which aims to partition Russia. These two and their retinue claim that their synthesis of holiness and moral superiority is destined to cleanse the world of decadence. | ||
| 601 | |a Spiritual | ||
| 601 | |a Superior | ||
| 773 | 0 | 8 | |i Enthalten in |t Occasional papers on religion in Eastern Europe |d Newberg, OR : George Fox University, 2013 |g 43(2023), 2, Artikel-ID 2, Seite IV-IX |h Online-Ressource |w (DE-627)886282160 |w (DE-600)2893776-4 |w (DE-576)488345812 |x 2693-2148 |7 nnas |
| 773 | 1 | 8 | |g volume:43 |g year:2023 |g number:2 |g elocationid:2 |g pages:IV-IX |
| 856 | 4 | 0 | |u https://doi.org/10.55221/2693-2148.2412 |x Resolving-System |z lizenzpflichtig |3 Volltext |7 1 |
| 951 | |a AR | ||
| ELC | |a 1 | ||
| LOK | |0 000 xxxxxcx a22 zn 4500 | ||
| LOK | |0 001 4513477636 | ||
| LOK | |0 003 DE-627 | ||
| LOK | |0 004 1886248370 | ||
| LOK | |0 005 20240418145031 | ||
| LOK | |0 008 240418||||||||||||||||ger||||||| | ||
| LOK | |0 040 |a DE-Tue135 |c DE-627 |d DE-Tue135 | ||
| LOK | |0 092 |o n | ||
| LOK | |0 852 |a DE-Tue135 | ||
| LOK | |0 852 1 |9 00 | ||
| LOK | |0 935 |a ixzs |a ixzo | ||
| LOK | |0 939 |a 18-04-24 |b l01 | ||
| OAS | |a 1 |b inherited from superior work | ||
| ORI | |a SA-MARC-ixtheoa001.raw | ||
| REL | |a 1 | ||
| SUB | |a REL | ||



